Štúdium termofotooxidačnej degradácie polymérov-aplikácia na polyuretánové laky v automobilovom priemysle

Gespeichert in:
Bibliographische Detailangaben
1. Verfasser: Malíková, Marta
Format: Buch
Sprache:Slowakisch
Veröffentlicht: Bratislava STU FCHPT v Bratislave 2007
Schlagworte:
Online-Zugang:Im OPAC anzeigen
Tags: Tag hinzufügen
Keine Tags, Fügen Sie das erste Tag hinzu!

MARC

LEADER 00000nam a2200000 a 4500
005 20260127134400.0
008 070227 2006 xo 000 0 slo d
035 |a vtls009001597 
039 9 |a 200708061200  |b mschk03  |y 200706221027  |z mschk03 
040 |a STUSCHK1  |b slo  |c STUSCHK1  |e AACR2 
100 1 |a Malíková, Marta 
245 1 |a Štúdium termofotooxidačnej degradácie polymérov-aplikácia na polyuretánové laky v automobilovom priemysle  |c Marta Malíková 
260 |a Bratislava  |b STU FCHPT v Bratislave  |c 2007 
300 |a 90 s. : il. ; 29 cm 
500 |a FCHPT Ústav fyzikálnej chémie a chemickej fyziky - odd.fyzikálnej chémie 
500 |a Obháj.: 16.5. 2007 
650 0 |a termofotooxidácia 
650 0 |a polyuretánové laky  |z aplikácia v automobilovom priemysle 
910 |a SCHK95 
999 |c 11401  |d 11401